00509nam a22001697a 4500003000400000005001700004008004100021020001800062040001000080082001700090100002000107245006000127250001200187260003800199300001000237650009200247OSt20250813120721.0250813b |||||||| |||| 00| 0 eng d a0-687-16540-7 cSBCL  a253 bSTO-H  aStone,Howard.W  aHandbook For Basic Types Of Pastoral Care & Counseling  a2nd ed. aNashville bAbingdom Press c1993 a368p. 2ReligionaLocal Christian church and religious ordersvPastoral work (Pastoral theology